000 01069nam0a2200325 4500
001 RU\NLR\BIBL_A\022622751
005 20251203173921.0
010 _a978-5-04-216173-5
_93000
021 _aRU
_bКН-П-25-045198
_9КН-П-25-4390
035 _a(NLR Aleph) 022622751
090 _a13496723
_c13496723
100 _a20250916d2025 u y0rusy50 ca
101 0 _arus
102 _aRU
105 _ay z 000ay
181 0 _ai
_baxxe
182 0 _an
200 1 _aУкраденный сон
_e[роман]
_fАлександра Маринина
203 _aТекст
_bвизуальный
_cнепосредственный
210 _aМосква
_cЭксмо
_d2025
215 _a538, [3] с.
_d17
320 _aДругие кн. авт. на 2-й с.
333 _a16+
686 2 _aШ6(2=Р)75-446
700 1 _aМаринина
_bА. Б.
_f1957-
_gАлександра Борисовна
_3RU\NLR\AUTH\77515
942 _cBOOK
980 _aNB